| 000 | 01593nam a2200397 c 4500 | ||
|---|---|---|---|
| 003 | BLK | ||
| 005 | 20230407030336.0 | ||
| 008 | 180411b bul|||||r ||||||| ||bul|| | ||
| 010 | _aKNG00189633000 | ||
| 020 |
_a978-954-8391-65-8 _bиздат.: Нов свят - на том(кн. 1) |
||
| 040 | _aBLK | ||
| 041 |
_aBUL _cBUL |
||
| 072 | 7 |
_2bullib _aН82 _xЛитературознание Н |
|
| 080 |
_aБългарска литература _b821.163.2 _x(092) _z821.163.2(092) |
||
| 080 |
_aБългарска литература _b821.163.2 _x.09 _z821.163.2.09 |
||
| 080 |
_aБиографии _b929 _x(497.2) _z929(497.2) |
||
| 100 | 1 |
_aТотев, Петко _eпърви автор _9365669 |
|
| 139 |
_aТотев, Петко _bТ 76 |
||
| 245 | 1 | 0 |
_aЕдинословия български _bКн. 1 - _cПетко Тотев. _nКн. 1 |
| 257 | _aBGR | ||
| 260 |
_аСофия _c2016 - _fСофия : Булвест |
||
| 300 | _c22 см | ||
| 380 | _a82 | ||
| 650 | 4 |
_aПисатели, български - творчество _9250544 |
|
| 650 | 4 |
_aБългарска литература - история и критика _9287605 |
|
| 653 | _aбългарски писатели | ||
| 653 | _aбългарска литература | ||
| 653 | _aбиографии | ||
| 659 | _aН | ||
| 760 | 1 |
_3- на том(кн. 1) _aТотев, Петко _dНов свят, 2016 _h392 с. _tКн. 1 |
|
| 852 | _aЦб 281815 | ||
| 856 | 4 |
_qpdf _u |
|
| 856 | 4 |
_qpdf _u |
|
| 942 |
_cKNG _n0 |
||
| 944 |
_aCR _c15.08.2016 _kВиолета_Тройчева |
||
| 944 |
_aED _c06.07.2017 _kВиолета_Тройчева |
||
| 999 |
_c180763 _d180763 |
||